Largest Islands Quiz - Statistics

General Stats
  • This quiz has been taken 11 times
  • The average score is 40 of 123
Answer Stats
Area (km²) Country(ies) Island % Correct
7,591,608 Australia Australia
100%
2,130,800 Denmark Greenland
100%
785,753 IndonesiaPapua New Guinea New Guinea
100%
587,041 Madagascar Madagascar
91%
12,272,800 Unclaimed Antarctica
82%
748,168 IndonesiaMalaysia Brunei Borneo
82%
105,806 Cuba Cuba
82%
209,331 United Kingdom Great Britain
82%
73,929 HaitiDominican Republic Hispaniola
82%
77,982 Japan Hokkaido
82%
227,938 Japan Honshu
82%
101,826 Iceland Iceland
82%
84,421 IrelandUnited Kingdom Ireland
82%
138,794 Indonesia Java
82%
65,268 Sri Lanka Sri Lanka
82%
65,022 Australia Tasmania
82%
507,451 Canada Baffin Island
73%
8,350 Greece Crete
73%
9,251 CyprusUnited Kingdom Cyprus
73%
196,236 Canada Ellesmere Island
73%
11,190 Jamaica Jamaica
73%
109,965 Philippines Luzon
73%
111,583 New Zealand North Island
73%
145,836 New Zealand South Island
73%
34,507 Taiwan Taiwan
73%
8,741 France Corsica
64%
33,210 China Hainan
64%
108,860 Canada Newfoundland
64%
72,493 Japan Sakhalin
64%
23,949 Italy Sardinia
64%
25,711 Italy Sicily
64%
180,681 Indonesia Sulawesi
64%
443,065 Indonesia Sumatra
64%
28,418 IndonesiaTimor-Leste Timor
64%
37,699,623 22 America
55%
36,782 Japan Kyūshu
55%
97,530 Philippines Mindanao
55%
18,296 Japan Shikoku
55%
38,981 Norway Spitsbergen
55%
217,291 Canada Victoria Island
55%
7,031 Denmark Zealand
55%
79,810,726 126 Afro-Eurasia
45%
5,416 Indonesia Bali
45%
14,154 Indonesia Flores
45%
10,434 United States Hawaii
45%
5,620 Canada Prince Edward Island
45%
9,100 United States Puerto Rico
45%
5,009 Trinidad and Tobago Trinidad
45%
13,075 Philippines Negros
36%
35,145 Papua New Guinea New Britain
36%
7,405 Papua New Guinea New Ireland
36%
12,189 Philippines Palawan
36%
70,028 Canada Banks Island
27%
7,040 United Kingdom East Falkland
27%
6,617 France Kerguelen
18%
7,368 Philippines Leyte
18%
12,849 Philippines Samar
18%
41,214 Canada Southampton Island
18%
31,285 Canada Vancouver Island
18%
49,070 Unclaimed Alexander Island
9%
7,941 Canada Anticosti Island
9%
43,178 Canada Axel Heiberg Island
9%
20,000 Brazil Bananal
9%
11,413 Indonesia Bangka
9%
16,042 Canada Bathurst Island
9%
43,873 Unclaimed Berkner Island
9%
11,206 Russia Bolshevik Island
9%
9,318 Papua New Guinea Bougainville Island
9%
8,473 Indonesia Buru
9%
11,067 Canada Bylot Island
9%
10,311 Canada Cape Breton Island
9%
8,478 Chile Chiloé Island
9%
6,995 Canada Cornwallis Island
9%
55,247 Canada Devon Island
9%
5,073 Norway Edgeøya
9%
11,295 Canada Ellef Ringnes Island
9%
5,353 Solomon Islands Guadalcanal
9%
18,040 Indonesia Halmahera
9%
47,992 ArgentinaChile Isla Grande de Tierra del Fuego
9%
13,111 Canada King William Island
9%
9,311 United States Kodiak Island
9%
8,812 Russia Komsomolets Island
9%
24,000 Russia Kotelny Island
9%
40,100 Brazil Marajó
9%
42,149 Canada Melville Island
9%
5,765 Australia Melville Island
9%
10,572 Philippines Mindoro
9%
14,467 Norway Nordaustlandet
9%
14,204 Russia October Revolution Island
9%
12,011 Philippines Panay
9%
9,521 Canada Prince Charles Island
9%
33,339 Canada Prince of Wales Island
9%
6,675 United States Prince of Wales Island
9%
17,454 Indonesia Seram
9%
47,079 Russia Severny Island
9%
24,786 Canada Somerset Island
9%
10,711 Indonesia Sumba
9%
14,386 Indonesia Sumbawa
9%
15,700 Unclaimed Thurston Island
9%
10,531 Fiji Viti Levu
9%
7,866 Russia Wrangel Island
9%
11,742 Indonesia Yos Sudarso
9%
33,246 Russia Yuzhny Island
9%
5,255 Canada Amund Ringnes Island
0%
7,929 South Sudan Bahr al Jabal Island
0%
5,157 Russia Bolshoy Lyakhovsky Island
0%
8,500 Unclaimed Carney Island
0%
5,000 Brazil Caviana
0%
5,388 United States Chichagof Island
0%
5,498 Canada Coats Island
0%
8,612 Denmark Disko Island
0%
6,361 Canada Graham Island
0%
16,648 France Grande Terre
0%
5,048 Canada Mackenzie King Island
0%
6,201 Russia New Siberia
0%
15,848 Canada Prince Patrick Island
0%
5,110 Chile Riesco Island
0%
7,910 Unclaimed Roosevelt Island
0%
5,135 United States Saint Lawrence Island
0%
6,390 Unclaimed Siple Island
0%
7,700 Brazil Tupinambarana
0%
5,578 Fiji Vanua Levu
0%
5,556 Chile Wellington Island
0%
No matching quizzes found
Score Distribution
Percent of People with Each Score
Percentile by Number Answered
Your Score History
You have not taken this quiz